|
|
|
|
| LEADER |
01200naa a2200229 i 4500 |
| 001 |
acta83464 |
| 005 |
20240130113546.0 |
| 008 |
240130s2023 hu o 100 hun d |
| 020 |
|
|
|a 978-963-648-013-4
|
| 040 |
|
|
|a SZTE Egyetemi Kiadványok Repozitórium
|b hun
|
| 041 |
|
|
|a hun
|
| 100 |
1 |
|
|a Ács Marianna
|
| 245 |
1 |
0 |
|a Gazdasági szakember vagy aktát faragó beamter?
|h [elektronikus dokumentum] :
|b a hazai felsőoktatási intézmények hallgatóinak pályaorientációja Klebelsberg Kuno minisztersége idején : [absztrakt] /
|c Ács Marianna
|
| 260 |
|
|
|a Juhász Gyula Felsőoktatási Kiadó
|b Szeged
|c 2023
|
| 300 |
|
|
|a 53
|
| 490 |
0 |
|
|a 150 éve a pedagógusképzésért - Neveléstudományi Konferencia
|
| 650 |
|
4 |
|a Társadalomtudományok
|
| 650 |
|
4 |
|a Oktatástudomány
|
| 650 |
|
4 |
|a Politikatudomány
|
| 695 |
|
|
|a Oktatáspolitika - Magyarország - 20. sz. - előadáskivonat, Klebelsberg Kuno - előadáskivonat, Felsőoktatás - Magyarország - 20. sz. - előadáskivonat
|
| 711 |
|
|
|a 150 éve a pedagógusképzésért - Neveléstudományi Konferencia
|c Szeged
|d 2023. október 12-13.
|
| 856 |
4 |
0 |
|u http://acta.bibl.u-szeged.hu/83464/1/150_eve_a_pedagoguskepzesert_2023_053.pdf
|z Dokumentum-elérés
|